000 00310nam a2200121Ia 4500
008 190216s9999||||xx |||||||||||||| ||und||
100 _aUniversity Of Kerala
245 0 _aKavyakairali Vol 2 (part 1)
260 _bSuperintendent Department Of Pub
_c1967
300 _a116p
650 _aKavithkal
942 _cBK
999 _c25764
_d25764